000
00321nam a22001457a 4500
003
SGT
020
_a
81-219-4248-9
082
_a
615
_b
P14J
100
_a
JAYAVEERA,K.N
245
_a
PHARMACEUTICAL BIOCHEMISTRY
260
_a
NEW DELHI
_b
S.CHAND & COMPANY
_c
2014
300
_a
356
650
_a
PHARMACY
942
_2
ddc
_c
BK
999
_c
11197
_d
11197